KOHA-Header-6

On Liberty and Other Essays (Record no. 7280)

000 -LEADER
fixed length control field 00234nam a2200109Ia 4500
020 ## - INTERNATIONAL STANDARD BOOK NUMBER
ISBN 978-0199535736
100 ## - MAIN ENTRY--AUTHOR NAME
Personal name John Stuart Mill
245 #0 - TITLE STATEMENT
Title On Liberty and Other Essays
260 ## - PUBLICATION, DISTRIBUTION, ETC. (IMPRINT)
Place of publication UK
Name of publisher Oxford
Year of publication 1998
300 ## - PHYSICAL DESCRIPTION
Number of Pages 604
942 ## - ADDED ENTRY ELEMENTS (KOHA)
Koha item type Books
Holdings
Withdrawn status Lost status Collection code Permanent Location Current Location Shelving location Date acquired Full call number Accession Number Koha item type
      MAJU MAJU Shelf No.A23 2019-09-12 330 1067 English Literature

Powered by Koha